000 00676cam a22002291 4500
001 sa 68005953
003 DLC
005 20260227112512.0
008 890825s1966 ce d 000 0 sino
010 _asa 68005953
035 _a(OCoLC)20257033
040 _aDLC
_cWaU
_dDLC
041 0 _asnheng
042 _apremarc
050 0 0 _aPK2837
_b.D37
100 1 _aDe Zoysa, A. P.
_q(Agampodi Paulus)
245 1 0 _aDharmasamaya kuḍā Iṅgrīsi Siṃhala śabda koṣaya.
_bConcise English-Sinhalese dictionary.
260 _c1966.
300 _a448 p.
_c19 cm.
650 0 _aEnglish language
_xDictionaries
_xSinhalese.
740 0 _aConcise English-Sinhalese dictionary.
999 _c81025
_d81025